Literature, language, and the classroom: essays for Promodini Varma (Record no. 1218885)

MARC details
000 -LEADER
fixed length control field 00650nam a2200205Ia 4500
008 - FIXED-LENGTH DATA ELEMENTS--GENERAL INFORMATION
fixed length control field 241004s9999 xx 000 0 und d
020 ## - INTERNATIONAL STANDARD BOOK NUMBER
International Standard Book Number 9781032233529
037 ## - SOURCE OF ACQUISITION
Stock number Textbook
040 ## - CATALOGING SOURCE
Original cataloging agency ARTS
Language of cataloging eng
Transcribing agency ARTS
041 ## - LANGUAGE CODE
Language code of text/sound track or separate title eng
Source of code eng
084 ## - COLON CLASSIFICATION NUMBER
Classification number O111:g(P) R2
Assigning agency ARTS
100 ## - MAIN ENTRY--PERSONAL NAME
Personal name Jain Sonali Ed.; Pradhan Anubhav Ed.
9 (RLIN) 724731
245 ## - TITLE STATEMENT
Title Literature, language, and the classroom: essays for Promodini Varma
Statement of responsibility, etc. Jain Sonali Ed.; Pradhan Anubhav Ed.
260 ## - PUBLICATION, DISTRIBUTION, ETC.
Place of publication, distribution, etc. UK
Name of publisher, distributor, etc. Routledge
Date of publication, distribution, etc. 2022
300 ## - PHYSICAL DESCRIPTION
Extent ix,164p.
365 ## - TRADE PRICE
Price type code INR
Price amount 995
650 ## - SUBJECT ADDED ENTRY--TOPICAL TERM
Topical term or geographic name entry element eng Literature
9 (RLIN) 724732
942 ## - ADDED ENTRY ELEMENTS (KOHA)
Koha item type Textbook
Classification part O111:g(P) R2
Holdings
Withdrawn status Lost status Source of classification or shelving scheme Damaged status Not for loan Home library Current library Date acquired Source of acquisition Cost, normal purchase price Inventory number Total Checkouts Full call number Barcode Date last seen Price effective from Koha item type
    Colon Classification (CC)     Arts Library Arts Library 2024-12-06 Shivam Book Service 995.00 149 & 23/01/2023   O111:g(P) R2 AL1666943 2024-10-04 2024-10-04 Textbook
Copyright @ Delhi University Library System